[Event "Saarland-ch A"]
[Site "Schiffweiler"]
[Date "2009.04.08"]
[Round "6"]
[White "Fries, Frederik"]
[Black "Ortega, Vladimir"]
[Result "1-0"]
[WhiteElo "1735"]
[BlackElo "1723"]
[PlyCount "79"]
[EventDate "2009.04.03"]
[EventType "swiss"]
[EventRounds "9"]
[EventCountry "GER"]
[SourceTitle "EXT 2012"]
[Source "ChessBase"]
[SourceDate "2011.11.24"]
[SourceVersion "1"]
[SourceVersionDate "2011.11.24"]
[SourceQuality "1"]

1. e4 e5 2. Nf3 Nf6 3. Nxe5 d6 4. Nf3 Nxe4 5. Nc3 Nxc3 6. dxc3 Be7 7. Bf4 Bf5 8. Qd5 Bg6 9. Qxb7 Nd7 10. Bc4 0-0 11. Bb3 Nc5 12. Qd5 a5 13. Qd1 Rb8 14. a4 Bf6 15. 0-0 Rb6 16. Nd2 d5 17. Be3 Qd6 18. Qf3 c6 19. Rad1 Nxb3 20. Bxb6 Nxd2 21. Rxd2 Rb8 22. Qe3 h6 23. Bc5 Qc7 24. b4 axb4 25. cxb4 Qd7 26. c4 Re8 27. Qa3 d4 28. Rfd1 d3 29. Be3 Be5 30. Rxd3 Bxd3 31. Qxd3 Qg4 32. Qd7 Re6 33. a5 Qh5 34. g3 Qf3 35. a6 Bxg3 36. Qd8+ Kh7 37. Qd3+ g6 38. hxg3 h5 39. a7 c5 40. Bxc5 1-0